| 000 | 00520nam a22001817a 4500 | ||
|---|---|---|---|
| 008 | 231009b |||||||| |||| 00| 0 eng d | ||
| 020 | _a9783659974014 | ||
| 050 |
_aKSK 2450 .O56 2019 _bC.1 |
||
| 100 | _aONYOYO, PETER ONYANGO | ||
| 245 |
_aADMINISTRATIVE LAW _bKENYA EXPERIENCE |
||
| 250 | _a2ND ED. | ||
| 260 |
_aKISUMU _bLAMBERT ACADEMIC PUBLISHING _c2019 |
||
| 300 | _aXVII.,296P. | ||
| 500 | _aINCLUDES BIBLIOGRAPHIC REFERENCE AND INDEX | ||
| 650 | _aADMINISTRATIVE LAW | ||
| 700 | _aTITLE | ||
| 942 |
_2lcc _cBK |
||
| 999 |
_c207594 _d207594 |
||